| 000 | 00497nam a2200121Ia 4500 | ||
|---|---|---|---|
| 008 | 220615s9999||||xx |||||||||||||| ||und|| | ||
| 245 | 0 |
_aLabour in a Single Shot _bCritical Perspectives on Antje Ehmann and Harun Farocki’s Global Video Project |
|
| 546 | _aEnglish[eng] | ||
| 650 | _aVideo, documentary, labour, global, art | ||
| 700 | _aGrundmann, Roy||Schwartz, Peter||Williams, Gregory | ||
| 856 | _uhttps://library.oapen.org/bitstream/20.500.12657/51634/1/9789048550210.pdf | ||
| 942 | _cEB | ||
| 999 |
_c17995 _d17995 |
||